书目信息 |
| 题名: |
生态环境与害虫防控
|
|
| 作者: | 孙富余 主编 | |
| 分册: | ||
| 出版信息: | 沈阳 辽宁科学技术出版社 2016.09 |
|
| 页数: | 184页 | |
| 开本: | 26cm | |
| 丛书名: | ||
| 单 册: | ||
| 中图分类: | X171.1 , S43 | |
| 科图分类: | ||
| 主题词: | 生态环境--关系--病虫害防治 | |
| 电子资源: | ||
| ISBN: | 978-7-5381-9833-1 | |
| 000 | 01230nam0 2200277 450 | |
| 001 | 5135 | |
| 005 | 20181014110850.15 | |
| 010 | @a978-7-5381-9833-1@dCNY40.00 | |
| 100 | @a20170215d2016 em y0chiy50 ea | |
| 101 | 0 | @achi |
| 102 | @aCN@b210000 | |
| 105 | @aa z 000yy | |
| 200 | 1 | @a生态环境与害虫防控@9sheng tai huan jing yu hai chong fang kong@f孙富余[等]主编 |
| 210 | @a沈阳@c辽宁科学技术出版社@d2016.09 | |
| 215 | @a184页@c彩图@d26cm | |
| 300 | @a辽宁省优秀自然科学著作 辽宁科协资助 | |
| 304 | @a主编还有:李学军、赵英明、王兴亚 | |
| 312 | @a封面英文题名:Ecological environment and pest control | |
| 330 | @a本书从不同生态环境中形形色色的害虫、生态环境与害虫的关系、有害生物防治历史回顾和科技进步、我国有害生物防治上存在的主要问题、科学利用生态环境与害虫关系控制害虫等6个部分,全面地、充分地、通俗地、客观地论述了生态环境与害虫防控的辩证关系,达到利用生态手段控制害虫,尽量做到减少、少用或不用化学农药的目的,创造一个温馨的、优秀的、穩定的生态环境。 | |
| 510 | 1 | @aEcologicalenvironment and pest control@zeng |
| 606 | 0 | @a生态环境@x关系@x病虫害防治 |
| 690 | @aX171.1@v5 | |
| 690 | @aS43@v5 | |
| 701 | 0 | @a孙富余@9sun fu yu@f(1964~)@4主编 |
| 801 | 0 | @aCN@b91MARC@c20170215 |
| 905 | @aMuseLib@dX171.1@e247 | |
| 生态环境与害虫防控/孙富余[等]主编.-沈阳:辽宁科学技术出版社,2016.09 |
| 184页:彩图;26cm |
| 辽宁省优秀自然科学著作 辽宁科协资助 |
| ISBN 978-7-5381-9833-1:CNY40.00 |
| 本书从不同生态环境中形形色色的害虫、生态环境与害虫的关系、有害生物防治历史回顾和科技进步、我国有害生物防治上存在的主要问题、科学利用生态环境与害虫关系控制害虫等6个部分,全面地、充分地、通俗地、客观地论述了生态环境与害虫防控的辩证关系,达到利用生态手段控制害虫,尽量做到减少、少用或不用化学农药的目的,创造一个温馨的、优秀的、穩定的生态环境。 |
| ● |
| 相关链接 |
|
|
|
|
正题名:生态环境与害虫防控
索取号:X171.1/247
 
预约/预借
| 序号 | 登录号 | 条形码 | 馆藏地/架位号 | 状态 | 备注 |
| 1 | 1128284 | 211282841 | 第二样本阅览室/ [索取号:X171.1/247] | 在馆 | |
| 2 | 1128285 | 211282850 | 密集书库-生命科学系/ [索取号:X171.1/247] | 在馆 | |
| 3 | 1128286 | 211282869 | 第三借阅区/ [索取号:X171.1/247] | 在馆 |